| 000 | 00423nam a22001337a 4500 | ||
|---|---|---|---|
| 082 | _a200 THE | ||
| 100 |
_aFaiza Hussain _969394 |
||
| 245 | _aTH-SOF-1581-Identification and Correction of Misspelled Drugs' Names in Electronic Medical Records (EMR) | ||
| 260 |
_aISLAMABAD _bNUST COLLEGE OF EME _c2018 |
||
| 300 | _bCD | ||
| 650 |
_aMS-CSE-14, MSTHESIS _969395 |
||
| 700 |
_aAdvisor Dr. Usman Qamar _969396 |
||
| 942 | _cCF | ||
| 999 |
_c576698 _d576698 |
||